<?xml version="1.0" encoding="UTF-8"?>
<record
    xmlns:xsi="http://www.w3.org/2001/XMLSchema-instance"
    xsi:schemaLocation="http://www.loc.gov/MARC21/slim http://www.loc.gov/standards/marcxml/schema/MARC21slim.xsd"
    xmlns="http://www.loc.gov/MARC21/slim">

  <leader>01418nam a22002297a 4500</leader>
  <controlfield tag="008">110915s2008    ua||||| |||| 00| 0 ara d</controlfield>
  <datafield tag="020" ind1=" " ind2=" ">
    <subfield code="a">9789774201884</subfield>
  </datafield>
  <datafield tag="082" ind1=" " ind2=" ">
    <subfield code="2">22</subfield>
    <subfield code="a">320</subfield>
    <subfield code="b">&#x637; &#x627; &#x644;</subfield>
  </datafield>
  <datafield tag="100" ind1="1" ind2=" ">
    <subfield code="9">22185</subfield>
    <subfield code="a">&#x637;&#x627;&#x644;&#x64A;&#x633; &#x60C; &#x623;&#x631;&#x633;&#x637;&#x648;</subfield>
  </datafield>
  <datafield tag="245" ind1=" " ind2=" ">
    <subfield code="a">&#x627;&#x644;&#x633;&#x64A;&#x627;&#x633;&#x629; /</subfield>
    <subfield code="c">&#x623;&#x631;&#x633;&#x637;&#x648; &#x637;&#x627;&#x644;&#x64A;&#x633; &#x61B; &#x62A;&#x631;&#x62C;&#x645;&#x629; &#x645;&#x646; &#x627;&#x644;&#x625;&#x63A;&#x631;&#x64A;&#x642;&#x64A;&#x629; &#x625;&#x644;&#x649; &#x627;&#x644;&#x641;&#x631;&#x646;&#x633;&#x64A;&#x629; &#x648;&#x635;&#x62F;&#x631;&#x647; &#x628;&#x645;&#x642;&#x62F;&#x645;&#x629; &#x641;&#x649; &#x639;&#x644;&#x645; &#x627;&#x644;&#x633;&#x64A;&#x627;&#x633;&#x629; &#x60C; &#x648;&#x639;&#x644;&#x642; &#x639;&#x644;&#x649; &#x627;&#x644;&#x646;&#x635; &#x62A;&#x639;&#x644;&#x64A;&#x642;&#x627;&#x62A; &#x645;&#x62A;&#x62A;&#x627;&#x628;&#x639;&#x629; &#x628;&#x627;&#x631;&#x62A;&#x644;&#x645;&#x649; &#x633;&#x627;&#x646;&#x62A;&#x647;&#x644;&#x64A;&#x631; &#x61B; &#x648;&#x646;&#x642;&#x644;&#x647; &#x625;&#x644;&#x649; &#x627;&#x644;&#x639;&#x631;&#x628;&#x64A;&#x629; &#x623;&#x62D;&#x645;&#x62F; &#x644;&#x637;&#x641;&#x649; &#x627;&#x644;&#x633;&#x64A;&#x62F;</subfield>
  </datafield>
  <datafield tag="260" ind1=" " ind2=" ">
    <subfield code="a">&#x627;&#x644;&#x642;&#x627;&#x647;&#x631;&#x629; : </subfield>
    <subfield code="b">&#x627;&#x644;&#x647;&#x64A;&#x626;&#x629; &#x627;&#x644;&#x645;&#x635;&#x631;&#x64A;&#x629; &#x627;&#x644;&#x639;&#x627;&#x645;&#x629; &#x644;&#x644;&#x643;&#x62A;&#x627;&#x628; &#x60C;</subfield>
    <subfield code="c">2008.</subfield>
  </datafield>
  <datafield tag="300" ind1=" " ind2=" ">
    <subfield code="a">447 &#x635; &#x61B;</subfield>
    <subfield code="c">24 &#x633;&#x645;.</subfield>
  </datafield>
  <datafield tag="650" ind1=" " ind2="0">
    <subfield code="9">17705</subfield>
    <subfield code="a">&#x627;&#x644;&#x639;&#x644;&#x648;&#x645; &#x627;&#x644;&#x633;&#x64A;&#x627;&#x633;&#x64A;&#x629;</subfield>
  </datafield>
  <datafield tag="650" ind1=" " ind2="0">
    <subfield code="9">15251</subfield>
    <subfield code="a">&#x627;&#x644;&#x633;&#x64A;&#x627;&#x633;&#x629; &#x627;&#x644;&#x625;&#x62C;&#x62A;&#x645;&#x627;&#x639;&#x64A;&#x629;</subfield>
  </datafield>
  <datafield tag="650" ind1=" " ind2="0">
    <subfield code="9">26649</subfield>
    <subfield code="a">&#x627;&#x644;&#x633;&#x64A;&#x627;&#x633;&#x629;</subfield>
    <subfield code="x">&#x646;&#x638;&#x631;&#x64A;&#x627;&#x62A;</subfield>
  </datafield>
  <datafield tag="650" ind1=" " ind2="0">
    <subfield code="9">8307</subfield>
    <subfield code="a">&#x641;&#x644;&#x633;&#x641;&#x629; &#x623;&#x631;&#x633;&#x637;&#x648;</subfield>
  </datafield>
  <datafield tag="653" ind1=" " ind2=" ">
    <subfield code="b">General</subfield>
    <subfield code="c">September2011</subfield>
  </datafield>
  <datafield tag="700" ind1="1" ind2=" ">
    <subfield code="9">16092</subfield>
    <subfield code="a">&#x633;&#x627;&#x646;&#x62A;&#x647;&#x644;&#x64A;&#x631; &#x60C; &#x628;&#x627;&#x631;&#x62A;&#x644;&#x645;&#x64A;</subfield>
    <subfield code="e">&#x62A;&#x631;&#x62C;&#x645;&#x629; &#x645;&#x646; &#x627;&#x644;&#x625;&#x63A;&#x631;&#x64A;&#x642;&#x64A;&#x629; &#x625;&#x644;&#x649; &#x627;&#x644;&#x641;&#x631;&#x646;&#x633;&#x64A;&#x629; &#x648;&#x635;&#x62F;&#x631;&#x647; &#x628;&#x645;&#x642;&#x62F;&#x645;&#x629; &#x641;&#x649; &#x639;&#x644;&#x645; &#x627;&#x644;&#x633;&#x64A;&#x627;&#x633;&#x629; &#x60C; &#x648;&#x639;&#x644;&#x642; &#x639;&#x644;&#x649; &#x627;&#x644;&#x646;&#x635; &#x62A;&#x639;&#x644;&#x64A;&#x642;&#x627;&#x62A; &#x645;&#x62A;&#x62A;&#x627;&#x628;&#x639;&#x629;</subfield>
  </datafield>
  <datafield tag="700" ind1="1" ind2=" ">
    <subfield code="9">14889</subfield>
    <subfield code="a">&#x627;&#x644;&#x633;&#x64A;&#x62F;&#x60C; &#x623;&#x62D;&#x645;&#x62F; &#x644;&#x637;&#x641;&#x64A;</subfield>
    <subfield code="e">&#x646;&#x642;&#x644;&#x647; &#x625;&#x644;&#x649; &#x627;&#x644;&#x639;&#x631;&#x628;&#x64A;&#x629;</subfield>
  </datafield>
  <datafield tag="942" ind1=" " ind2=" ">
    <subfield code="2">ddc</subfield>
    <subfield code="c">BB</subfield>
  </datafield>
  <datafield tag="999" ind1=" " ind2=" ">
    <subfield code="c">16045</subfield>
    <subfield code="d">16045</subfield>
  </datafield>
  <datafield tag="952" ind1=" " ind2=" ">
    <subfield code="0">0</subfield>
    <subfield code="1">0</subfield>
    <subfield code="2">ddc</subfield>
    <subfield code="4">0</subfield>
    <subfield code="7">0</subfield>
    <subfield code="8">Alef-Baa</subfield>
    <subfield code="a">MAIN</subfield>
    <subfield code="b">MAIN</subfield>
    <subfield code="c">1ST</subfield>
    <subfield code="d">2011-09-15</subfield>
    <subfield code="e">purchase</subfield>
    <subfield code="o">320 &#x637; &#x627; &#x644;</subfield>
    <subfield code="p">000024714</subfield>
    <subfield code="r">2025-07-15 00:00:00</subfield>
    <subfield code="s">2013-11-11</subfield>
    <subfield code="y">BB</subfield>
  </datafield>
</record>
